|
|
|
|
| LEADER |
00000nab a2200000 4500 |
| 001 |
0000000027 |
| 003 |
AR-BaUAD |
| 005 |
20250710121204.0 |
| 008 |
250530b |||||||| |||| 00| 0 eng d |
| 040 |
|
|
|a AR-BaUAD
|c AR-BaUAD
|
| 100 |
|
|
|a Correal P., Germán Darío
|
| 245 |
|
|
|a Concurso CONVIVE de ideas y anteproyecto urbanístico y arquitectónico para el diseño de vivienda digna
|
| 300 |
|
|
|b axonom., cortes, planos, plantas, vistas
|
| 610 |
|
|
|a CONCURSO CONVIVE
|
| 610 |
|
|
|a CIUDADELA NUEVO COSME
|
| 610 |
|
|
|a CIUDADELA BOSQUES DEL USME
|
| 610 |
|
|
|a TORRES DEL CAMPO USME
|
| 610 |
|
|
|a UNIVERSIDAD DE BOGOTA
|
| 610 |
|
|
|a UNIVERSIDAD DE LOS ANDES
|
| 610 |
|
|
|a UNIVERSIDAD CATOLICA DE COLOMBIA
|
| 650 |
|
|
|a ARQUITECTURA
|
| 650 |
|
|
|a CONCURSOS
|
| 650 |
|
|
|a ESTUDIANTES
|
| 650 |
|
|
|a ANTEPROYECTOS
|
| 650 |
|
|
|a EDIFICIOS DE VIVIENDAS
|
| 651 |
|
|
|a COLOMBIA
|
| 655 |
|
|
|a ARTICULO DE REVISTA
|
| 773 |
|
|
|g no. 8 (2006), p. 42-49
|w arbauadP000062
|z 1657-0308 (impresa)
|t Revista de arquitectura (Colombia)
|
| 856 |
|
|
|u https://revistadearquitectura.ucatolica.edu.co/article/view/808/903
|
| 942 |
|
|
|2 udc
|n 0
|c ARTI
|
| 990 |
|
|
|a AQ200
|b TD
|
| 999 |
|
|
|c 24089
|d 24089
|